000 00509nam a2200181Ia 4500
001 19662
005 20260306172709.0
008 260306t2006||||xx |||||||||||||| ||spa||
041 _aESP
082 _a340.973
_bC92
100 _aCruzado Balcázar, Alejandro
_eAUT
245 0 _aEl sistema jurídico de los Estados Unidos de América:
_bprincipios generales del derecho anglosajón
260 _c2006
300 _a336 páginas :
_c23 cm.
650 _aGEN
654 _aCDE
942 _cLIB
_dJUS
_fJUS
_2ddc
_n
999 _c19662
_d19662